<?xml version="1.0" encoding="UTF-8"?>
<record
    xmlns:xsi="http://www.w3.org/2001/XMLSchema-instance"
    xsi:schemaLocation="http://www.loc.gov/MARC21/slim http://www.loc.gov/standards/marcxml/schema/MARC21slim.xsd"
    xmlns="http://www.loc.gov/MARC21/slim">

  <leader>01085njm a22002297a 4500</leader>
  <controlfield tag="005">20100904123717.0</controlfield>
  <controlfield tag="007">sd ammalaaahaa</controlfield>
  <controlfield tag="008">100904t        xxu||||| |||| 00| 0 hin d</controlfield>
  <datafield tag="028" ind1=" " ind2=" ">
    <subfield code="a">N.87551</subfield>
    <subfield code="b">His Master's Voice</subfield>
  </datafield>
  <datafield tag="035" ind1=" " ind2=" ">
    <subfield code="a">GR-540</subfield>
  </datafield>
  <datafield tag="040" ind1=" " ind2=" ">
    <subfield code="a">SED/VEN</subfield>
  </datafield>
  <datafield tag="100" ind1=" " ind2=" ">
    <subfield code="a">Gupta, Milan</subfield>
    <subfield code="9">18345</subfield>
  </datafield>
  <datafield tag="245" ind1=" " ind2=" ">
    <subfield code="a">hoda Beej:</subfield>
    <subfield code="b">Instrumental /</subfield>
    <subfield code="c">By Milon Gupta</subfield>
    <subfield code="h">[sound recording] :</subfield>
  </datafield>
  <datafield tag="246" ind1=" " ind2=" ">
    <subfield code="a">&#x939;&#x94B;&#x921;&#x93C;&#x93E; &#x92C;&#x940;&#x91C; (&#x92E;&#x93F;&#x932;&#x928; &#x917;&#x941;&#x92A;&#x94D;&#x924;&#x93E;) </subfield>
  </datafield>
  <datafield tag="260" ind1=" " ind2=" ">
    <subfield code="a">Dum Dum, India</subfield>
    <subfield code="b">His Master's Voice</subfield>
  </datafield>
  <datafield tag="300" ind1=" " ind2=" ">
    <subfield code="a">1 sound disc [Gramophone recording] :</subfield>
    <subfield code="b">analog, 33. 1/3 rpm</subfield>
    <subfield code="c">10 in </subfield>
  </datafield>
  <datafield tag="500" ind1=" " ind2=" ">
    <subfield code="a">Brief record.</subfield>
  </datafield>
  <datafield tag="505" ind1=" " ind2=" ">
    <subfield code="a">Mouth Aarman Betarj- Mera Naam Chin Chin Chu (hoda Beej) (Milon Gupta) &#x92E;&#x94B;&#x909;&#x925; &#x906;&#x930;&#x92E;&#x93E;&#x928; &#x92C;&#x924;&#x930;&#x94D;&#x91C; - &#x92E;&#x947;&#x930;&#x93E; &#x928;&#x93E;&#x92E; &#x91A;&#x93F;&#x928; &#x91A;&#x93F;&#x928; &#x91A;&#x942; &#x92D;&#x93E;&#x917; &#x967;, Javaneeyaa Vha Mest Mest (Tumsa Nahi Dekha) &#x91C;&#x935;&#x93E;&#x928;&#x93F;&#x92F;&#x93E;  &#x935;&#x939; &#x92E;&#x938;&#x94D;&#x924; &#x92E;&#x938;&#x94D;&#x924; &#x926;&#x947;&#x916;&#x93E; </subfield>
  </datafield>
  <datafield tag="650" ind1=" " ind2=" ">
    <subfield code="a">Classical music</subfield>
    <subfield code="x">Excerpts</subfield>
    <subfield code="z">India </subfield>
    <subfield code="9">18346</subfield>
  </datafield>
  <datafield tag="942" ind1=" " ind2=" ">
    <subfield code="2">ddc</subfield>
    <subfield code="c">GR</subfield>
  </datafield>
  <datafield tag="999" ind1=" " ind2=" ">
    <subfield code="c">43760</subfield>
    <subfield code="d">43760</subfield>
  </datafield>
  <datafield tag="952" ind1=" " ind2=" ">
    <subfield code="0">0</subfield>
    <subfield code="1">0</subfield>
    <subfield code="2">ddc</subfield>
    <subfield code="4">0</subfield>
    <subfield code="7">1</subfield>
    <subfield code="a">L</subfield>
    <subfield code="b">L</subfield>
    <subfield code="d">2010-09-04</subfield>
    <subfield code="e">SED/VEN</subfield>
    <subfield code="l">0</subfield>
    <subfield code="p">GR-540</subfield>
    <subfield code="r">2010-09-04 00:00:00</subfield>
    <subfield code="t">1</subfield>
    <subfield code="w">2010-09-04</subfield>
    <subfield code="y">GR</subfield>
  </datafield>
</record>
